| 000 | 00621nam a2200193Ia 4500 | ||
|---|---|---|---|
| 003 | GCL | ||
| 008 | 140319s9999 xx 000 0 ara d | ||
| 040 |
_aGCL / _cGCL |
||
| 082 | 0 | 4 |
_a301.243 _bف م |
| 100 | 1 | _aفؤاد اسحق الخورى | |
| 245 | 1 | 0 |
_aمذهب الانتروبولوجيا وعنصرية ابن خلودن / _cفؤاد اسحق الخورى |
| 260 |
_a[S.N] : _bدار الساقى ، _c1992 |
||
| 300 | _a81 ص | ||
| 490 |
_aبحوث اجتماعية _v0 |
||
| 650 | 0 | 4 | _aالاجتماع |
| 650 | 0 | 4 | _aالانتربولوجيا |
| 650 | 0 | 4 | _aالبعد الاجتماعى |
| 942 |
_2ddc _cBK |
||
| 999 |
_c35171 _d35171 |
||